Statistiques concernant Quel est le nom de cette image ?

Cliquez ici pour prendre le quiz!

Statistiques générales

  • Ce quiz a été pris 33 fois
  • Le résultat moyen est 5 sur 20

Statistiques - réponses

Réponse% Correct
Pedobear
66%
Trollface
52%
Grumpycat
48%
Doge
45%
This Is Fine
41%
Rickroll
38%
Hello there
34%
Shut Up And Take My Money!
34%
Surprised pikachu
31%
Pepe the frog
28%
Ugandan Knuckles
14%
Wat
14%
Big Chungus
7%
Is This a Pigeon?
7%
Bad Luck Brian
3%
Me gusta
3%
Ricardo Milos
3%
Woman yelling at a cat
3%
Hide the pain Harold
0%
Philosoraptor
0%

Distribution des résultats

Percentile par nombre de réponses

% des personnes avec chaque résultat

Votre développement - résultats

Vous n’avez pas pris ce quiz